000 00373nam a22001697a 4500
003 OSt
008 210723b ||||| |||| 00| 0 eng d
020 _a9789352130672
082 _a004 WHH
100 _aWHITE,Tom
245 _aHadoop: The Definitive Guide
250 _a4th Ed.
260 _aNew Delhi
_bSPD
_c2020
300 _a727
650 _aIT
942 _2ddc
_cBK
999 _c10729
_d10729